Религии всех стран мира - Statistics

General Stats
  • This quiz has been taken 98 times
  • The average score is 133 of 196
Answer Stats
Страна Религия % Correct
Бутан | Камбоджа | Лаос | +6 others буддизм
88%
Лесото католическое / протестантское христианство
86%
Беларусь | Болгария | Грузия | +4 others православное христианство
84%
Австрия | Андорра | Аргентина | +63 others католическое христианство
81%
Израиль иудаизм
74%
Греция | Кипр греческое православное христианство
70%
Россия русское православное христианство
70%
Северная Македония македонское православное христианство
70%
Сербия сербское православное христианство
70%
Эфиопия эфиопское православное христианство
68%
Австралия | Великобритания | Вьетнам | +8 others атеизм
65%
Антигуа и Барбуда | Багамские острова | Барбадос | +29 others протестантское христианство
65%
Китай коренная вера / атеизм
65%
Эсватини сионистское / протестантское христианство
65%
Индия | Маврикий | Непал | Суринам индуизм
64%
Япония синтоизм / атеизм
62%
Ливан суннитский / шиитский ислам
61%
Азербайджан | Ирак | Иран шиитский ислам
57%
Албания | Алжир | Афганистан | +43 others суннитский ислам
54%
Оман ибадитский ислам
19%
Армения армянское апостольское христианство
16%
Ангола | Мадагаскар | Того | Центрально-Африканская Республика коренная вера
1%
No matching quizzes found
Score Distribution
Percent of People with Each Score
Percentile by Number Answered
Your Score History
You have not taken this quiz